Score 0/22 Timer 01:30
0 Plays Today
Answer % Correct
DIE
94.3%
TIE
90.5%
DRE
90.1%
→THE→
85.7%
ORE
84.1%
→ARE→
82.5%
IRE
81.7%
ARC
80.6%
↙BOYS↙
80.3%
BARK
77.5%
ORC
74.1%
Answer % Correct
→INN→
72.9%
BARE
68.2%
-INE
66.3%
BORE
63.7%
♫TOWN♫
63%
BORN
62.8%
BOOK
61.8%
TORN
60.9%
BOOS
60.8%
↙BACK↙
50.6%
BOCK
49.8%

Today's Daily Dose

Missing Word
Knives Out Cast

Word Ladder
Movies of 2008

Get the Picture
Rock Band Logos

Remove Ads.
Support Sporcle.
Get the best of Sporcle when you Go Orange. This ad-free experience offers more features, more stats, and more fun while also helping to support Sporcle. Thank you for becoming a member.

You're not logged in!

Compare scores with friends on all Sporcle quizzes.
OR
Log In

Show Comments

Extras

Top Quizzes Today


Score Distribution

Your Account Isn't Verified!

In order to create a playlist on Sporcle, you need to verify the email address you used during registration. Go to your Sporcle Settings to finish the process.

Report this User

Report this user for behavior that violates our Community Guidelines.

Details: